63 e 9th street : NYC polaroids 1975-1983 /

সংরক্ষণ করুন:
গ্রন্থ-পঞ্জীর বিবরন
প্রধান লেখক: Bianchi, Tom
বিন্যাস: গ্রন্থ
ভাষা:ইংরেজি
প্রকাশিত: Bologna : Damiani, 2019
ট্যাগগুলো: ট্যাগ যুক্ত করুন
কোনো ট্যাগ নেই, প্রথমজন হিসাবে ট্যাগ করুন!

MARC

LEADER 00000nam a22000007i 4500
001 IT\ICCU\UBO\4404217
003 ItRI
005 20260115232123.0
008 190903s2019 it |||||| ||||| |||||c
020 |a 9788862086462 
040 |b ita  |c importazione bologna sebina 
041 7 |a eng  |2 ISO-639-2 
100 1 |a Bianchi, Tom  |0 IT\ICCU\UBOV\814898 
245 1 0 |a 63 e 9th street :  |b NYC polaroids 1975-1983 /  |c Tom Bianchi. 
260 |a Bologna :  |b Damiani,  |c 2019 
300 |a 214 p. :  |b in gran parte illustrato ;  |c 26 cm. 
942 |2 ddc  |c BK  |n 0 
952 |0 0  |1 0  |4 0  |6 DOC_779_210000000000000_BIA  |7 0  |9 20415  |a BO  |b BO  |d 2026-01-15  |i 20508  |l 0  |o DOC 779.21 BIA  |p BO20508  |r 2026-01-15 23:21:23  |w 2026-01-15  |x [Sebina 7] [1 v.]  |y BK  |z 1 v. 
999 |c 17422  |d 17422